[Event "53rd Groningen Open 2015"]
[Site "Groningen NED"]
[Date "2015.12.26"]
[Round "5.25"]
[White "Theulings, Paul-Peter"]
[Black "Chaurette, Laurent"]
[Result "1/2-1/2"]
[WhiteTitle "CM"]
[WhiteElo "2182"]
[BlackElo "1987"]
[WhiteFideId "1002899"]
[BlackFideId "2623323"]
[EventDate "2015.12.21"]

1. Nf3 d5 2. d4 Nf6 3. c4 c6 4. Nc3 e6 5. Bg5 h6 6. Bh4 g5 7. Bg3 dxc4 8. e4 b5
9. Be2 b4 10. Na4 Nxe4 11. Be5 Nf6 12. Bxc4 g4 13. Nd2 Nbd7 14. O-O Nxe5 15.
dxe5 Nd7 16. f4 Nb6 17. Nxb6 axb6 18. Qc2 b5 19. Be2 Qd4+ 20. Kh1 Qc5 21. Qxc5
Bxc5 22. Nb3 Bb6 23. Bxg4 c5 24. Bf3 Ra7 25. Nd2 Bb7 26. Bxb7 Rxb7 27. Ne4 Ke7
28. Rfd1 Rbb8 29. Rd6 Rhd8 30. Rad1 c4 31. g3 Bc7 32. Rxd8 Rxd8 33. Rxd8 Bxd8
34. Kg2 Ba5 35. b3 Bb6 36. Kf3 Bd4 37. Ke2 f5 38. exf6+ Bxf6 39. g4 Bd4 40. h4
c3 41. Kd3 Bg1 42. h5 Bh2 43. f5 exf5 44. gxf5 Be5 45. Kc2 Bd4 46. Kd3 Be5 1/2-1/2

[Event "53rd Groningen Open 2015"]
[Site "Groningen NED"]
[Date "2015.12.26"]
[Round "5.26"]
[White "Bianco, Valerio"]
[Black "Dehn, Marcus"]
[Result "0-1"]
[WhiteElo "2035"]
[BlackElo "2152"]
[WhiteFideId "800600"]
[BlackFideId "4667093"]
[EventDate "2015.12.21"]

1. d4 f5 2. g3 Nf6 3. Bg2 e6 4. c4 d5 5. Nf3 c6 6. O-O Bd6 7. b3 O-O 8. Ba3 Bxa3
9. Nxa3 Bd7 10. Nc2 Be8 11. Nce1 Nbd7 12. Nd3 Ne4 13. Nfe5 Nxe5 14. Nxe5 Bh5 15.
f3 Nd6 16. Qd2 Nf7 17. Qe3 Nxe5 18. Qxe5 Qf6 19. Qxf6 Rxf6 20. e3 g5 21. Rae1 a5
22. c5 f4 23. exf4 gxf4 24. g4 Bf7 25. Rf2 a4 26. b4 a3 27. Rb1 Bg6 28. Rb3 e5
29. dxe5 Re6 30. Bf1 Rxe5 31. Re2 Rxe2 32. Bxe2 Bc2 33. Rc3 Bb1 34. Rc1 Bxa2 35.
Kf2 Bb3 36. Ra1 a2 37. Ke1 d4 38. Kd2 Ra3 39. Bd3 Bd5 40. Ke2 Kg7 41. h4 Bf7 42.
Be4 Rb3 0-1

[Event "53rd Groningen Open 2015"]
[Site "Groningen NED"]
[Date "2015.12.26"]
[Round "5.27"]
[White "Veltman, Anne"]
[Black "Van Meegen, Ruud"]
[Result "0-1"]
[WhiteElo "2032"]
[BlackElo "2111"]
[WhiteFideId "1026917"]
[BlackFideId "1034995"]
[EventDate "2015.12.21"]

1. e4 c5 2. f4 e6 3. Nf3 d5 4. e5 Nc6 5. c3 Nh6 6. Bd3 Be7 7. O-O a6 8. Bc2 b5
9. d4 Qb6 10. Be3 Ng4 11. Bc1 f5 12. h3 Nh6 13. Be3 c4 14. Nbd2 Bd7 15. Kh2 Qa5
16. a3 Qc7 17. Ng5 Nf7 18. Nxf7 Kxf7 19. g4 Raf8 20. gxf5 exf5 21. Rg1 Nd8 22.
Qf3 Qc6 23. a4 g6 24. axb5 axb5 25. Ra7 Qe6 26. Rga1 Nc6 27. R7a6 Bc8 28. Rb6
Bd7 29. Rxb5 Nxd4 30. Bxd4 Bxb5 31. Ra7 Ra8 32. Rb7 Rhb8 33. Rc7 Rc8 34. Rb7 Bc6
35. Rb6 Bd8 36. Rb4 Ba5 0-1

[Event "53rd Groningen Open 2015"]
[Site "Groningen NED"]
[Date "2015.12.26"]
[Round "5.28"]
[White "Hilwerda, Jonas"]
[Black "Boersma, Jan"]
[Result "1/2-1/2"]
[WhiteElo "2012"]
[BlackElo "2083"]
[WhiteFideId "1046713"]
[BlackFideId "1003267"]
[EventDate "2015.12.21"]

1. e4 c5 2. Nf3 g6 3. d4 cxd4 4. Qxd4 Nf6 5. Bb5 Nc6 6. Bxc6 dxc6 7. Qxd8+ Kxd8
8. Nc3 Bg7 9. Bf4 Nh5 10. Be3 Be6 11. Bd4 Kc7 12. e5 Bc4 13. Be3 Be6 14. h3 Bf8
15. O-O-O Ng7 16. g4 h6 17. Nd4 Bd7 18. f4 h5 19. g5 Nf5 20. Nxf5 Bxf5 21. h4 1/2-1/2

[Event "53rd Groningen Open 2015"]
[Site "Groningen NED"]
[Date "2015.12.26"]
[Round "5.29"]
[White "Kokje, Joris"]
[Black "Taal, Rieks"]
[Result "1/2-1/2"]
[WhiteElo "1975"]
[BlackElo "2071"]
[WhiteFideId "1051024"]
[BlackFideId "1043978"]
[EventDate "2015.12.21"]

1. d4 Nf6 2. c4 e6 3. Nf3 c5 4. g3 cxd4 5. Nxd4 Nc6 6. Bg2 Qb6 7. Nb5 Bb4+ 8.
N1c3 O-O 9. O-O a6 10. Be3 Qa5 11. Nd6 Bxc3 12. bxc3 Ne8 13. Nxc8 Rxc8 14. Qxd7
Rc7 15. Qd2 Ne5 16. Bf4 Rd7 17. Qc2 Nxc4 18. Rfd1 Rxd1+ 19. Rxd1 b5 20. Bg5 Qc7
21. a4 Ned6 22. axb5 Nxb5 23. Ra1 a5 24. Be4 h6 25. Bf4 e5 26. Bc1 Ncd6 27. Bd3
Rc8 28. Bb2 Nxc3 29. Qxc3 Qxc3 30. Bxc3 Rxc3 31. Rxa5 e4 32. Ba6 Rc6 33. Kg2 Kh7
34. f3 f5 35. g4 exf3+ 36. Kxf3 fxg4+ 37. Kxg4 Kg6 38. Bd3+ Kf6 39. h4 Nf7 40.
Kf4 g5+ 1/2-1/2

[Event "53rd Groningen Open 2015"]
[Site "Groningen NED"]
[Date "2015.12.26"]
[Round "5.30"]
[White "Drozdowski, Konrad"]
[Black "Vogel, Jaap"]
[Result "1/2-1/2"]
[BlackTitle "FM"]
[WhiteElo "1987"]
[BlackElo "2121"]
[WhiteFideId "1106279"]
[BlackFideId "1000764"]
[EventDate "2015.12.21"]

1. e4 e6 2. d4 d5 3. Nc3 Bb4 4. Ne2 Nf6 5. Bg5 dxe4 6. a3 Be7 7. Bxf6 Bxf6 8.
Nxe4 Nc6 9. c3 O-O 10. g3 e5 11. d5 Nb8 12. Bg2 Be7 13. Qb3 Kh8 14. O-O-O Na6
15. c4 f5 16. N4c3 Nc5 17. Qc2 a5 18. Na4 Bd7 19. Nxc5 Bxc5 20. Nc3 Qf6 21. Rd2
e4 22. Kb1 Rae8 23. Re2 Bd4 24. Rc1 b6 25. Ka1 Bc5 26. Qd2 Bd4 27. Ree1 Bc5 28.
Bh3 Bd4 29. Rc2 Rf7 30. Bg2 Rff8 1/2-1/2

[Event "53rd Groningen Open 2015"]
[Site "Groningen NED"]
[Date "2015.12.26"]
[Round "5.31"]
[White "Ernst, Michael"]
[Black "Hommes, Elmar"]
[Result "0-1"]
[WhiteElo "2177"]
[BlackElo "2078"]
[WhiteFideId "1618393"]
[BlackFideId "1017136"]
[EventDate "2015.12.21"]

1. d4 Nf6 2. Nf3 g6 3. c4 d5 4. cxd5 Nxd5 5. e4 Nb6 6. Nc3 Bg7 7. Be3 Nc6 8. d5
Ne5 9. Nxe5 Bxe5 10. Be2 O-O 11. O-O e6 12. Bc5 Re8 13. Bb5 Bd7 14. Be2 exd5 15.
exd5 Bf5 16. Bb5 Nd7 17. Be3 Qh4 18. g3 Qb4 19. Qe2 Rad8 20. a3 Qe7 21. Qd2 a6
22. Be2 Nc5 23. Bc4 c6 24. Rfe1 Qd6 25. Rad1 b5 26. Ba2 Bg4 27. Rc1 Bf3 28. h3
cxd5 29. Bxd5 Bxd5 30. Qxd5 Qxd5 31. Nxd5 Nd3 32. Nb4 Nxc1 33. Bxc1 Bxg3 0-1

[Event "53rd Groningen Open 2015"]
[Site "Groningen NED"]
[Date "2015.12.26"]
[Round "5.32"]
[White "Bollen, Guus"]
[Black "Elgersma, Simon"]
[Result "1/2-1/2"]
[WhiteElo "2135"]
[BlackElo "2017"]
[WhiteFideId "1027883"]
[BlackFideId "1046101"]
[EventDate "2015.12.21"]

1. e4 e6 2. d4 d5 3. exd5 exd5 4. c4 Bb4+ 5. Nc3 Nf6 6. Bd3 O-O 7. Ne2 dxc4 8.
Bxc4 Bd6 9. Nb5 Nc6 10. O-O Bf5 11. Re1 a6 12. Nxd6 Qxd6 13. Bf4 Qd7 14. Rc1
Rfe8 15. Bb3 Rad8 16. Be3 Nb4 17. Rc3 Nbd5 18. Bxd5 Nxd5 19. Rb3 c6 20. a3 a5
21. Bd2 Qc7 22. Rg3 Qb6 23. Qb3 Qa6 24. Be3 a4 25. Qd1 Qb5 26. Qc1 Nb6 27. Nc3
Qb3 28. Re2 Nd5 29. Bh6 Bg6 30. Nxd5 Qxd5 31. Rxe8+ Rxe8 32. Be3 Rd8 33. h3 Qf5
34. Rg5 Qd3 35. Ra5 Qb3 36. Qc3 Qd1+ 37. Kh2 h6 38. Qb4 b5 39. Ra7 Qd3 40. Qe7
Rc8 41. Qd7 Qf5 42. Qxf5 Bxf5 43. Kg3 Re8 44. Rc7 Be4 1/2-1/2

[Event "53rd Groningen Open 2015"]
[Site "Groningen NED"]
[Date "2015.12.26"]
[Round "5.34"]
[White "Willemsma, Abe"]
[Black "Pajeken, Jakob Leon"]
[Result "0-1"]
[WhiteElo "2067"]
[BlackElo "2101"]
[WhiteFideId "1011561"]
[BlackFideId "12942839"]
[EventDate "2015.12.21"]

1. e4 e5 2. Nf3 Nc6 3. Bb5 a6 4. Ba4 Nf6 5. Bxc6 dxc6 6. d3 Bd6 7. Nbd2 Be6 8.
Qe2 Nd7 9. Nf1 Qe7 10. Ng5 O-O-O 11. Nxe6 Qxe6 12. Ne3 g6 13. Bd2 f5 14. Nc4 Nf6
15. a4 Rhe8 16. b3 Kb8 17. O-O f4 18. b4 g5 19. Rfb1 g4 20. b5 Ka7 21. bxc6 b6
22. Bc3 Rg8 23. Kf1 Rg7 24. d4 Nxe4 25. Nxb6 Nxc3 26. Qd3 Nxb1 27. Rxb1 cxb6 28.
a5 b5 0-1

[Event "53rd Groningen Open 2015"]
[Site "Groningen NED"]
[Date "2015.12.26"]
[Round "5.35"]
[White "Ratsma, Rosa"]
[Black "Keetman, Maaike"]
[Result "0-1"]
[WhiteElo "2059"]
[BlackElo "2087"]
[WhiteFideId "1033662"]
[BlackFideId "1033697"]
[EventDate "2015.12.21"]

1. e4 c5 2. Nf3 e6 3. d4 cxd4 4. Nxd4 Nc6 5. Nc3 Qc7 6. f4 a6 7. Nxc6 bxc6 8.
Bd3 d5 9. O-O Nf6 10. Qe2 Be7 11. Bd2 O-O 12. Rae1 g6 13. Kh1 dxe4 14. Nxe4 Nxe4
15. Bxe4 Bf6 16. b3 a5 17. Qf2 Ba6 18. c4 Rfd8 19. Be3 Rab8 20. f5 exf5 21. Bf4
Be5 22. Bxe5 Qxe5 23. Bxc6 Qd6 24. Bd5 a4 25. Rd1 Qc7 26. Qh4 axb3 27. axb3 Re8
28. Rd3 Bb7 29. Rh3 h5 30. Bxb7 Qxb7 31. Qg5 Re4 32. Rhf3 Rbe8 33. h3 Kh7 34.
Qc1 Qb4 35. Qc3 Qc5 36. Qf6 R8e7 37. Qc3 Re8 38. Rd3 Kg8 39. Rd5 Qc6 40. Qd3 Re3
41. Qd1 Qb7 42. Rd3 f4 43. Rxe3 fxe3 44. Qd3 Qb4 45. Qd5 Re7 46. Qd8+ Kh7 47.
Qd5 f5 48. Rxf5 gxf5 49. Qxf5+ Kg8 50. Qg5+ Kf8 51. Qh6+ Ke8 52. Qxh5+ Kd8 53.
Qd5+ Kc7 54. c5 e2 55. Qd6+ Kc8 56. Qc6+ Kb8 57. Qd6+ Rc7 58. Qd8+ Kb7 59. c6+
Rxc6 60. Qd7+ Rc7 61. Qd5+ Ka7 0-1

[Event "53rd Groningen Open 2015"]
[Site "Groningen NED"]
[Date "2015.12.26"]
[Round "5.36"]
[White "Al-Hajiri, Bader"]
[Black "Halfhide, Sebastian"]
[Result "1-0"]
[WhiteTitle "CM"]
[WhiteElo "2183"]
[BlackElo "2119"]
[WhiteFideId "10300163"]
[BlackFideId "1045946"]
[EventDate "2015.12.21"]

1. e4 c5 2. Nf3 e6 3. d4 cxd4 4. Nxd4 Nc6 5. Nb5 d6 6. Bf4 e5 7. Be3 Nf6 8. N1c3
Be7 9. Nd5 Nxd5 10. exd5 Nb8 11. c4 a6 12. Nc3 O-O 13. Bd3 f5 14. f3 Nd7 15. Qb1
Bg5 16. Bf2 Nc5 17. Bc2 e4 18. fxe4 fxe4 19. O-O e3 20. Bxh7+ Kh8 21. Bg3 Rxf1+
22. Kxf1 Qf6+ 23. Kg1 Bg4 24. Qg6 e2 25. Qxf6 Bxf6 26. Bg6 Bd4+ 27. Bf2 Bxc3 28.
bxc3 Na4 29. h3 Bd7 30. Bd4 Nb2 31. Re1 Be8 32. Bc2 Nxc4 33. Rxe2 Bf7 34. Re7
Bxd5 35. Bxg7+ Kg8 36. Bf6 Ne5 37. Rh7 Nf7 38. Bg6 Kf8 39. h4 Bxa2 40. h5 a5 41.
g4 a4 42. h6 Nxh6 43. Rxh6 Bg8 44. g5 a3 45. c4 Bxc4 46. Rh8+ Bg8 47. Be4 a2 48.
Ba1 Ra4 49. Bd5 Rg4+ 50. Kh2 Rxg5 51. Bxa2 d5 52. Bf6 Rf5 53. Bd4 Rg5 54. Be3
Re5 55. Bh6+ Ke7 56. Kg3 Bf7 57. Rb8 Be8 58. Rxb7+ Bd7 59. Bf4 Re2 60. Bxd5 Rc2
61. Be4 Rc3+ 62. Kf2 Rc4 63. Ke3 Rc5 64. Kd4 Rb5 65. Ra7 Rb4+ 66. Ke5 Rb5+ 67.
Bd5 Kd8 68. Ra8+ Kc7 69. Kd4+ Kb6 70. Rd8 Rb4+ 71. Ke5 Bb5 72. Rf8 Bc4 73. Rb8+
Ka5 74. Bd2 1-0

[Event "53rd Groningen Open 2015"]
[Site "Groningen NED"]
[Date "2015.12.26"]
[Round "5.37"]
[White "Van Baar, Esper"]
[Black "Hagesather, Ellen"]
[Result "1/2-1/2"]
[BlackTitle "WIM"]
[WhiteElo "2002"]
[BlackElo "2172"]
[WhiteFideId "1049321"]
[BlackFideId "1501909"]
[EventDate "2015.12.21"]

1. e4 d6 2. d4 Nf6 3. Nc3 g6 4. Be3 c6 5. Qd2 b5 6. Bd3 Nbd7 7. Nf3 Bb7 8. h3 e5
9. dxe5 dxe5 10. O-O Bg7 11. a4 a6 12. Ne2 O-O 13. Ng3 Qe7 14. b4 Rfd8 15. c3
Nf8 16. Bc5 Qc7 17. Qc2 Ne6 18. Be3 Rac8 19. Rfd1 Nd7 20. Bf1 Nb6 21. Bxb6 Qxb6
22. Rxd8+ Qxd8 23. Rd1 Qe7 24. Qb3 h5 25. h4 Bf6 26. c4 bxa4 27. Qxa4 c5 28. Rd7 1/2-1/2

[Event "53rd Groningen Open 2015"]
[Site "Groningen NED"]
[Date "2015.12.27"]
[Round "6.1"]
[White "Kasparov, Sergey"]
[Black "Werle, Jan"]
[Result "0-1"]
[WhiteTitle "GM"]
[BlackTitle "GM"]
[WhiteElo "2485"]
[BlackElo "2542"]
[WhiteFideId "13500481"]
[BlackFideId "1006088"]
[EventDate "2015.12.21"]

1. e4 e6 2. d4 d5 3. Nd2 Be7 4. e5 c5 5. c3 Nc6 6. Bd3 Bd7 7. Ndf3 cxd4 8. cxd4
Nb4 9. Bb1 Qa5 10. Bd2 Ba4 11. b3 Bb5 12. Ne2 Qa6 13. a4 Rc8 14. Nf4 g5 15. Nxe6
fxe6 16. axb5 Qxa1 17. O-O Kd7 18. Bxb4 Bxb4 19. Nxg5 Re8 20. Nxe6 Rxe6 21. Qg4
Nh6 22. Qg7+ Be7 23. Qxh8 Qxd4 24. Qb8 Rxe5 25. Qxb7+ Ke6 26. Qc6+ Bd6 27. Qe8+
Kf6 28. Qh8+ Ke7 29. Qxh7+ Nf7 30. Bg6 Qf4 31. g3 Qf6 32. Bxf7 Qxf7 33. Qh4+ Ke6
34. Qg4+ Kf6 35. Qd4 Kg6 36. b6 axb6 37. Qxb6 Re6 38. Qb5 Qf3 39. Qd7 Rf6 40.
Qe8+ Kg7 41. Qd7+ Kh6 42. Qc8 Bf8 43. Qc1+ Kg7 44. Qc7+ Rf7 45. Qe5+ Kh7 46. Qe3
Qf5 47. Rd1 Bg7 48. Qd3 d4 49. Qxf5+ Rxf5 50. Rd3 Rc5 51. Kf1 Rc2 52. h4 Kg6 53.
g4 Be5 54. f4 Bxf4 55. Rxd4 Bg3 56. Rc4 Rf2+ 57. Kg1 Rf6 58. h5+ Kg5 59. Kg2 Bf4
60. Kf3 Bb8+ 61. Ke2 Rb6 62. b4 Bd6 63. Kf3 Bxb4 64. Rf4 Be7 65. Rf5+ Kh6 66.
Re5 Bf6 67. Rf5 Rb3+ 68. Kg2 Bg5 69. Rf3 Rb4 70. Kh3 Rd4 71. Rb3 Be7 72. Rf3 Rd2
73. Re3 Bf6 74. Kg3 Kg5 75. Rb3 Be5+ 76. Kf3 Bf6 77. Kg3 Rd5 78. Rf3 Be5+ 79.
Kh3 Bf4 80. Rb3 Rd2 81. Rb5+ Kh6 82. Rb6+ Bd6 83. g5+ Kxh5 0-1

[Event "53rd Groningen Open 2015"]
[Site "Groningen NED"]
[Date "2015.12.27"]
[Round "6.2"]
[White "Van Foreest, Jorden"]
[Black "Lobzhanidze, Davit"]
[Result "1-0"]
[WhiteTitle "IM"]
[BlackTitle "IM"]
[WhiteElo "2547"]
[BlackElo "2425"]
[WhiteFideId "1039784"]
[BlackFideId "13600796"]
[EventDate "2015.12.21"]

1. e4 e5 2. Nf3 Nc6 3. Bb5 a6 4. Ba4 Nf6 5. O-O Be7 6. d3 b5 7. Bb3 d6 8. a3 O-O
9. Nc3 Be6 10. Nd5 Na5 11. Nxf6+ Bxf6 12. Bxe6 fxe6 13. b4 Nc6 14. c3 Ne7 15.
Be3 Ng6 16. g3 d5 17. Qe2 dxe4 18. dxe4 Qd7 19. Nd2 Rfd8 20. Nb3 Qd3 21. Qxd3
Rxd3 22. Rfc1 Be7 23. Kf1 Nf8 24. Ke2 Rdd8 25. Na5 Bd6 26. c4 bxc4 27. Rxc4 h6
28. Rd1 Kf7 29. Nb7 Rd7 30. Rc6 Ke7 31. Bc5 Bxc5 32. Nxc5 Rxd1 33. Kxd1 a5 34.
Rxc7+ Kd6 35. Rxg7 axb4 36. axb4 Ra1+ 37. Ke2 Rb1 38. Rb7 Rb2+ 39. Ke3 h5 40.
Rb8 Ke7 41. b5 Rc2 42. Rb7+ Kd8 43. Rf7 Ke8 44. Rc7 Rb2 45. b6 Rxb6 46. Rc8+ Ke7
47. Rxf8 Rc6 48. Nxe6 Kxe6 49. Rh8 1-0

[Event "53rd Groningen Open 2015"]
[Site "Groningen NED"]
[Date "2015.12.27"]
[Round "6.3"]
[White "Boruchovsky, Avital"]
[Black "Petrov, Nikita"]
[Result "1/2-1/2"]
[WhiteTitle "GM"]
[BlackTitle "IM"]
[WhiteElo "2540"]
[BlackElo "2456"]
[WhiteFideId "2800055"]
[BlackFideId "4101286"]
[EventDate "2015.12.21"]

1. e4 e5 2. Nf3 Nc6 3. Bc4 Bc5 4. O-O Nf6 5. d3 d6 6. c3 O-O 7. h3 a6 8. Re1 Ba7
9. Nbd2 Na5 10. b4 Nxc4 11. Nxc4 d5 12. exd5 Nxd5 13. Qb3 f6 14. d4 exd4 15.
Nxd4 Bxd4 16. cxd4 Bf5 17. Na5 Rb8 18. a4 Qd7 19. b5 axb5 20. axb5 Be6 21. Bd2
Rfe8 22. Rab1 Bf7 23. Rxe8+ Qxe8 24. Qf3 1/2-1/2

[Event "53rd Groningen Open 2015"]
[Site "Groningen NED"]
[Date "2015.12.27"]
[Round "6.4"]
[White "Soors, Stef"]
[Black "Shyam, Sundar M."]
[Result "0-1"]
[WhiteTitle "IM"]
[BlackTitle "GM"]
[WhiteElo "2398"]
[BlackElo "2485"]
[WhiteFideId "209511"]
[BlackFideId "5019141"]
[EventDate "2015.12.21"]

1. e4 e5 2. Nf3 Nc6 3. Nc3 Nf6 4. d4 exd4 5. Nxd4 Bc5 6. Be3 Bb6 7. Qd2 Ng4 8.
Nxc6 bxc6 9. Bxb6 axb6 10. h3 Nf6 11. O-O-O O-O 12. g4 Qe7 13. Re1 d6 14. Kb1 b5
15. a3 Nd7 16. f4 Nc5 17. g5 Bd7 18. h4 Rfb8 19. h5 Qd8 20. h6 b4 21. axb4 Rxb4
22. hxg7 Qb8 23. Nb5 Rxb5 24. Bxb5 Qa7 25. c3 Qa2+ 26. Kc2 Qb3+ 27. Kb1 Qa2+ 28.
Kc2 Qb3+ 29. Kb1 Qxb5 30. Qe2 Nxe4 31. Qc2 Nd2+ 0-1

[Event "53rd Groningen Open 2015"]
[Site "Groningen NED"]
[Date "2015.12.27"]
[Round "6.5"]
[White "Pruijssers, Roeland"]
[Black "De Jong, Migchiel"]
[Result "0-1"]
[WhiteTitle "GM"]
[BlackTitle "IM"]
[WhiteElo "2489"]
[BlackElo "2336"]
[WhiteFideId "1013068"]
[BlackFideId "1002848"]
[EventDate "2015.12.21"]

1. e4 e6 2. d4 d5 3. e5 c5 4. c3 Qb6 5. Nf3 Bd7 6. Be2 cxd4 7. cxd4 Bb5 8. Nc3
Bb4 9. O-O Bxc3 10. bxc3 Bxe2 11. Qxe2 Qa6 12. Qc2 Ne7 13. a4 Nbc6 14. Ba3 h6
15. Rfb1 O-O 16. Qb2 b6 17. Qb5 Qc8 18. a5 bxa5 19. Bd6 Re8 20. c4 a6 21. Qa4
dxc4 22. Qxc4 Nd5 23. Nd2 Ncb4 24. Rxa5 Qxc4 25. Nxc4 Nc6 26. Rc5 Nxd4 27. Nb6
Nxb6 28. Rxb6 a5 29. Kf1 Rec8 30. Ra6 Rxa6 31. Rxc8+ Kh7 32. Rc4 Nb5 33. Ra4 Nc3
34. Ra3 Nd5 35. g3 a4 36. Ke2 Rb6 37. Kd3 Rb2 38. Bc5 Rb5 39. Bd6 Rb3+ 40. Rxb3
axb3 41. Ba3 Kg6 42. Kc4 Kf5 43. Kxb3 g5 44. Kc2 Kxe5 45. Kd3 Kf5 46. f3 g4 47.
Ke2 h5 48. Kf2 e5 49. Kg2 Ne3+ 50. Kf2 Nc4 51. Bc1 e4 52. fxe4+ Kxe4 53. Bh6 Kd3
54. Bf4 Nd2 55. Bh6 Ne4+ 56. Ke1 f6 57. Bf4 Nc5 58. Kf2 Ne6 59. Bc1 f5 60. Bh6
Nd4 61. Bf4 Ke4 62. Kg2 Nf3 63. h3 Ne1+ 64. Kh2 Kf3 65. hxg4 hxg4 66. Bb8 Kf2
67. Ba7+ Kf1 68. Be3 Nf3+ 69. Kh1 Ke2 70. Ba7 Ne1 71. Kh2 Kf3 72. Bb8 Nd3 73.
Bc7 Nc1 74. Bf4 Ne2 75. Bc7 Kf2 76. Bb6+ Kf1 77. Ba7 Nc3 78. Bb6 Ne4 79. Be3 Ke2
80. Bf4 Kf2 81. Bc7 Nd2 82. Bb6+ Kf3 0-1

[Event "53rd Groningen Open 2015"]
[Site "Groningen NED"]
[Date "2015.12.27"]
[Round "6.6"]
[White "Brink, Barry"]
[Black "Berkovich, Mark A"]
[Result "1-0"]
[BlackTitle "IM"]
[WhiteElo "2360"]
[BlackElo "2353"]
[WhiteFideId "1009451"]
[BlackFideId "2801639"]
[EventDate "2015.12.21"]

1. d4 Nf6 2. c4 e6 3. Nc3 Bb4 4. e3 O-O 5. Bd3 d5 6. Nf3 b6 7. O-O Ba6 8. cxd5
exd5 9. Bxa6 Nxa6 10. Qa4 Qc8 11. Bd2 c5 12. dxc5 bxc5 13. Rfd1 Qb7 14. b3 Rac8
15. Rac1 Nc7 16. a3 Bxc3 17. Bxc3 Ne4 18. Ba1 Ne6 19. Nd2 Nxd2 20. Rxd2 Rb8 21.
b4 c4 22. Rcd1 Nc7 23. h4 Rfe8 24. Rd4 h6 25. Rg4 Ne6 26. Qc2 Rbd8 27. Bf6 Rd7
28. Qf5 Kf8 29. Rxg7 1-0

[Event "53rd Groningen Open 2015"]
[Site "Groningen NED"]
[Date "2015.12.27"]
[Round "6.7"]
[White "Golubov, Saveliy"]
[Black "Kevlishvili, Robby"]
[Result "1-0"]
[WhiteTitle "IM"]
[BlackTitle "FM"]
[WhiteElo "2452"]
[BlackElo "2351"]
[WhiteFideId "24176729"]
[BlackFideId "1040634"]
[EventDate "2015.12.21"]

1. e4 c5 2. Nf3 d6 3. d4 cxd4 4. Nxd4 Nf6 5. Nc3 a6 6. Be2 e5 7. Nb3 Be7 8. O-O
O-O 9. Re1 Be6 10. Bf3 Nbd7 11. a4 Qb8 12. Nd2 Bd8 13. a5 b5 14. axb6 Bxb6 15.
Nf1 Bd4 16. Ne3 Bxc3 17. bxc3 Nb6 18. g4 Rd8 19. g5 Ne8 20. Qd3 a5 21. Nd5 Bxd5
22. exd5 Nd7 23. Be3 Qc7 24. Ra3 Rdb8 25. Rea1 g6 26. h4 Ng7 27. Bg4 Re8 28. Qb5
f5 29. gxf6 Nxf6 30. Bh3 Nf5 31. Bg5 Qf7 32. Rxa5 Rab8 33. Qd3 e4 34. Qd1 Rb7
35. Ra8 Nd7 36. Qg4 Nb8 37. Bg2 h6 38. Bd2 h5 39. Qg5 Kh7 40. c4 Qg7 41. c3 e3
42. fxe3 Nh6 43. Qg3 Rb2 44. R8a2 Rxa2 45. Rxa2 Qb7 46. Ra1 Nf5 47. Qf2 Nd7 48.
e4 Ng7 49. Ra7 Qb1+ 50. Qe1 Qb6+ 51. Qe3 Qxe3+ 52. Bxe3 Nf6 53. Bd4 1-0

[Event "53rd Groningen Open 2015"]
[Site "Groningen NED"]
[Date "2015.12.27"]
[Round "6.8"]
[White "Bezemer, Arno"]
[Black "Kuipers, Stefan"]
[Result "0-1"]
[WhiteTitle "FM"]
[BlackTitle "IM"]
[WhiteElo "2287"]
[BlackElo "2398"]
[WhiteFideId "1001396"]
[BlackFideId "1018400"]
[EventDate "2015.12.21"]

1. e4 e6 2. d4 d5 3. Nd2 a6 4. Ngf3 Nf6 5. e5 Nfd7 6. Bd3 c5 7. c3 Nc6 8. O-O g5
9. dxc5 g4 10. Nd4 Ndxe5 11. N2b3 Nxd3 12. Qxd3 Bg7 13. Bf4 e5 14. Rfe1 f6 15.
Nf5 O-O 16. Nxg7 Kxg7 17. Bg3 Be6 18. Nd4 Qd7 19. Nxc6 bxc6 20. b4 Bf5 21. Qd2
Kg8 22. a3 Qf7 23. Qh6 Qg6 24. Qxg6+ hxg6 25. f4 gxf3 26. gxf3 Bd3 27. f4 e4 28.
Bf2 Kf7 29. Kg2 Ke6 30. Be3 Ra7 31. Ra2 a5 32. Rf2 Kf5 33. Bd4 axb4 34. axb4
Rfa8 35. Kg3 Rh7 36. h4 Ra3 37. Rc1 Re7 38. Be3 Bc4 39. Rd2 Rea7 40. Rh2 Ra2 41.
Rch1 R7a3 42. Rxa2 Rxc3 43. Rf2 Rxe3+ 44. Kg2 Kg4 45. f5 gxf5 46. Rg1 Kxh4 47.
Rxf5 Rg3+ 48. Kh2 Rxg1 49. Kxg1 Kg3 50. Rxf6 Bb5 51. Rg6+ Kf3 52. Rf6+ Ke3 53.
Kg2 d4 54. Rd6 d3 0-1

[Event "53rd Groningen Open 2015"]
[Site "Groningen NED"]
[Date "2015.12.27"]
[Round "6.9"]
[White "Maris, Ivo"]
[Black "Ypma, Peter"]
[Result "1-0"]
[WhiteTitle "FM"]
[WhiteElo "2352"]
[BlackElo "2228"]
[WhiteFideId "1028146"]
[BlackFideId "1027255"]
[EventDate "2015.12.21"]

1. Nf3 Nf6 2. c4 g6 3. g3 Bg7 4. Bg2 d6 5. d4 O-O 6. O-O Nbd7 7. Nc3 e5 8. e4 c6
9. h3 Qa5 10. Be3 exd4 11. Nxd4 Re8 12. Re1 Ne5 13. Qe2 Be6 14. Nxe6 Rxe6 15.
Rac1 Rae8 16. c5 b5 17. cxd6 Nc4 18. f4 Nxe4 19. Nxe4 Nxd6 20. Nxd6 Rxe3 21.
Nxe8 Rxe2 22. Rxe2 Bd4+ 23. Kh2 c5 24. Nd6 Qb6 25. Nc8 Qc7 26. Ne7+ Kg7 27. Nd5
Qd6 28. Re7 c4 29. Rce1 Bxb2 30. Rxa7 Bd4 31. Rb7 c3 32. Ree7 c2 33. Rxf7+ Kg8
34. Rfc7 1-0

[Event "53rd Groningen Open 2015"]
[Site "Groningen NED"]
[Date "2015.12.27"]
[Round "6.10"]
[White "Maris, Ivo"]
[Black "Ypma, Peter"]
[Result "1/2-1/2"]
[WhiteTitle "FM"]
[WhiteElo "2352"]
[BlackElo "2228"]
[WhiteFideId "1028146"]
[BlackFideId "1027255"]
[EventDate "2015.12.21"]

1. d4 d5 2. c4 c6 3. Nf3 e6 4. e3 Bd6 5. Bd3 f5 6. O-O Nd7 7. b3 Qe7 8. Bb2 Ngf6
9. Qc1 O-O 10. Ba3 Ne4 11. Bxd6 Qxd6 12. Qa3 b6 13. cxd5 cxd5 14. Rc1 Ndf6 15.
Qxd6 Nxd6 16. a4 Bd7 17. Ne5 Rac8 18. Nc3 Rc7 19. Nb5 Nxb5 20. Bxb5 Rfc8 21.
Rxc7 Rxc7 22. Nxd7 Nxd7 23. b4 Kf7 24. a5 Ke7 25. Kf1 Kd6 26. Bxd7 Kxd7 27. axb6
axb6 28. b5 Kd6 29. Ra6 Rb7 30. Ra8 g5 31. Rc8 Rc7 32. Rb8 Rc1+ 33. Ke2 Kc7 34.
Rh8 Rc2+ 35. Kf3 g4+ 36. Kg3 Rb2 37. Rxh7+ Kd6 38. h3 gxh3 39. gxh3 Rxb5 40. h4
Rb1 41. Kg2 f4 42. h5 fxe3 43. fxe3 Rb2+ 44. Kg3 Re2 45. Kf3 Rh2 46. h6 b5 47.
Rh8 Ke7 48. h7 Kf6 49. Rf8+ Kg7 50. Re8 Rh6 51. h8=B+ Rxh8 52. Rxe6 Rb8 53. Rd6
b4 54. Rxd5 b3 55. Rg5+ Kf6 56. Rg1 b2 57. Rb1 Ke6 58. e4 Rb3+ 59. Ke2 Kd6 60.
Kd2 Ke6 61. Kc2 Re3 62. Rxb2 Rxe4 63. Kd3 Rh4 64. Kc4 Rh5 65. Rb6+ Kd7 66. Rg6
Rf5 67. Rh6 Rg5 68. Rh4 Rf5 69. Kd3 Kd6 70. Ke4 Ra5 71. Rh6+ Kd7 72. d5 Ra1 73.
Kd4 Rd1+ 1/2-1/2